[Event "TUR-ch (Women)"]
[Site "Antalya"]
[Date "2018.03.06"]
[Round "3"]
[White "Sural, Ceren"]
[Black "Piskinpasa, Cagla"]
[Result "1-0"]
[WhiteElo "1483"]
[BlackElo "1139"]
[PlyCount "79"]
[EventDate "2018.03.05"]
[EventType "swiss"]
[EventRounds "9"]
[EventCountry "TUR"]
[SourceTitle "CBM 183 Extra"]
[Source "ChessBase"]
[SourceDate "2018.04.19"]
[SourceVersion "1"]
[SourceVersionDate "2018.04.19"]
[SourceQuality "1"]

1. f4 d5 2. b3 c5 3. Bb2 Nc6 4. e3 Nf6 5. Nf3 h6 6. Be2 Bf5 7. a3 e6 8. 0-0 Bd6 9. Ne5 0-0 10. d3 Qc7 11. Nxc6 Qxc6 12. Bxf6 gxf6 13. Qe1 Kh7 14. Qh4 Be7 15. Kf2 Rg8 16. g4 Bg6 17. Nd2 Rg7 18. Ke1 Rh8 19. f5 exf5 20. gxf5 Bxf5 21. Rxf5 Qe6 22. Qh3 Rg1+ 23. Bf1 Rg5 24. Rxg5 Qxh3 25. Bxh3 fxg5 26. Ke2 Bd6 27. Rf1 Rf8 28. Rf2 b6 29. a4 Kg6 30. Bd7 f5 31. Bc6 d4 32. Nc4 dxe3 33. Nxe3 f4 34. Nc4 g4 35. Nxd6 Rf6 36. Be8+ Kg7 37. Ne4 f3+ 38. Kd2 Rf4 39. Bh5 Kf8 40. Ke3 1-0